| 000 | 00729nam a2200229Ia 4500 | ||
|---|---|---|---|
| 003 | OSt | ||
| 005 | 20240513140744.0 | ||
| 008 | 210716s2010 xx 000 0 und d | ||
| 020 | _a9788126527458 | ||
| 040 | _cAIMIT LIBRARY | ||
| 041 | _aeng | ||
| 082 |
_a374.22 _21 _bMILV |
||
| 100 |
_aMilazzo, Vickie L. _9164295 |
||
| 245 |
_aInside every woman : _busing 10 strenghts you din't know you had to get the career and life you want now / _cBy Vickie L Milazzo. |
||
| 250 | _a1st ed. | ||
| 260 |
_aNew Delhi : _bWiley India Pvt Ltd , _c2010. |
||
| 300 |
_axiv,258p. ; _bPB _c23.6 cm |
||
| 650 |
_aIntuitive vision _9164296 |
||
| 650 |
_aEngagement _9164297 |
||
| 650 |
_aGenius _9164298 |
||
| 942 |
_2ddc _cBK _e1st _k374.22 MILV |
||
| 999 |
_c206980 _d206980 |
||